| 000 | 00763cam a22002533a 4500 | ||
|---|---|---|---|
| 001 | 32141 | ||
| 003 | PGUSA | ||
| 005 | 20140828083709.0 | ||
| 008 | 100426s2010||||xxu|||||s|||||000 | eng d | ||
| 040 |
_aPGUSA _beng |
||
| 042 | _adc | ||
| 050 | 4 | _aSB | |
| 245 | 1 | 0 |
_aGarden and Forest Weekly, Volume 1 No. 1, February 29, 1888 _h[electronic resource] / _cVarious |
| 260 |
_bProject Gutenberg, _c2010 |
||
| 506 | _aPublic domain in the USA. | ||
| 516 | _aElectronic text | ||
| 653 | _aForests and forestry -- Periodicals | ||
| 653 | _aGardening -- Periodicals | ||
| 653 | _aPlants -- Periodicals | ||
| 700 | 1 |
_aSargent, Charles Sprague, _d1841-1927 |
|
| 830 | 0 |
_aProject Gutenberg _v32141 |
|
| 856 | 4 | 0 | _uhttp://www.gutenberg.org/ebooks/32141 |
| 942 | _cEB | ||
| 999 |
_c261396 _d261396 |
||